[Event "Lanzarote op"]
[Site "Lanzarote"]
[Date "2019.06.29"]
[Round "8"]
[White "Alvarez Alonso, Alberto"]
[Black "Molina Toledo, Jose Juan"]
[Result "1-0"]
[WhiteElo "1967"]
[BlackElo "1563"]
[PlyCount "53"]
[EventDate "2019.06.24"]
[EventType "swiss"]
[EventRounds "9"]
[EventCountry "ESP"]
[SourceTitle "CBM 191 Extra"]
[Source "ChessBase"]
[SourceDate "2019.09.30"]
[SourceVersion "1"]
[SourceVersionDate "2019.09.30"]
[SourceQuality "1"]

1. e4 c5 2. Nf3 e6 3. d4 cxd4 4. Nxd4 a6 5. Bd3 Nf6 6. c4 Qc7 7. 0-0 Be7 8. Qe2 d6 9. Nc3 Nbd7 10. Kh1 b6 11. Bd2 Bb7 12. f4 e5 13. Nf5 Bf8 14. Nd5 Nxd5 15. exd5 g6 16. Ng3 Bg7 17. Ne4 0-0 18. f5 Nf6 19. g4 Rac8 20. g5 Nxe4 21. Qxe4 Rfe8 22. h4 Qd7 23. Kg2 Kf8 24. h5 gxf5 25. Rxf5 Ke7 26. h6 Bh8 27. Rxf7+ 1-0

[Event "Lanzarote op"]
[Site "Lanzarote"]
[Date "2019.06.27"]
[Round "5"]
[White "Molina Toledo, Jose Juan"]
[Black "Mamani Beltran, Deniman"]
[Result "1-0"]
[WhiteElo "1563"]
[BlackElo "1916"]
[PlyCount "83"]
[EventDate "2019.06.24"]
[EventType "swiss"]
[EventRounds "9"]
[EventCountry "ESP"]
[SourceTitle "CBM 191 Extra"]
[Source "ChessBase"]
[SourceDate "2019.09.30"]
[SourceVersion "1"]
[SourceVersionDate "2019.09.30"]
[SourceQuality "1"]

1. d4 d5 2. c4 e6 3. Nc3 a6 4. Nf3 Be7 5. e3 Nf6 6. cxd5 exd5 7. Bd3 0-0 8. h3 b6 9. 0-0 Bb7 10. Qc2 Nbd7 11. a3 c5 12. a4 Rc8 13. Qe2 c4 14. Bc2 Re8 15. Re1 Nf8 16. Bd2 Bb4 17. Ne5 N6d7 18. Nxd7 Qxd7 19. Na2 Bd6 20. Bb4 Ne6 21. Qh5 g6 22. Qg4 Bxb4 23. Nxb4 Qd6 24. Na2 b5 25. b4 bxa4 26. Bxa4 Bc6 27. Qd1 Rb8 28. Bxc6 Qxc6 29. Qc1 Nc7 30. Qb2 a5 31. Qd2 a4 32. Reb1 Ra8 33. Nc3 Reb8 34. Ra3 Ra6 35. Qc2 Nb5 36. Rxa4 Na3 37. Rxa6 Qxa6 38. Qa2 Ra8 39. Ra1 Qb7 40. Qb2 Qa7 41. Nb1 c3 42. Nxc3 1-0